000 00266nam a2200121 i 4500
001 bg
245 0 _aZadania z elementów elektronowych.
260 _aGdańsk,
_c1983.
040 _cBPK
041 _apol
942 _cKS
008 s pl f |000 0 pol
999 _c22061
_d22061
856 _uhttp://koha.tu.koszalin.pl/cgi-bin/koha/opac-detail.pl?biblionumber=22061
_yKatalog online BPK